| 000 | 00395 a2200145 4500 | ||
|---|---|---|---|
| 003 | NUST | ||
| 005 | 20230301172827.0 | ||
| 040 | _cNust | ||
| 082 | _a808.43,GOH | ||
| 100 |
_aDr Gohar, Noshahi _9109683 |
||
| 245 |
_aYaadgaar Sir Syed / یادگار سرسید (Urdu) / _cDr Gohar Noshahi |
||
| 260 |
_aIslamabad _bMajlis Farogah Thakeek _c1996 |
||
| 300 | _a384 p. | ||
| 942 |
_2ddc _cBK _k808.43,GOH |
||
| 999 |
_c194160 _d194160 |
||